000 00546nam a2200169Ia 4500
003 GCL
008 140319s9999 xx 000 0 ara d
040 _aGCL /
_cGCL
082 0 4 _a823.03
_bو س
100 1 _aعطا عبدالوهاب (مترجم)
245 1 0 _aالسيدة دالاواى (رواية) /
_cعطا عبدالوهاب (مترجم)
700 1 _aوولف , فرجينيا
490 _a
650 0 4 _aالقصة الانجليزية المترجمة
650 0 4 _aالادب الانجليزى المترجم
942 _2ddc
_cBK
999 _c40041
_d40041